Nomenclátor de la Provincia de Gerona
Publicado:
[s.l., s.n., s.a.] :
Descripción Física:
93 p. ; 42 cm
Materias:
Girona (Província) -- Població
MARC
| LEADER | 00000nam a2200000Ia 4500 | ||
|---|---|---|---|
| 001 | 9859 | ||
| 008 | 160829s9999 xx 000 0 cat d | ||
| 080 | |a FOL-1-4 | ||
| 245 | |a Nomenclátor de la Provincia de Gerona | ||
| 260 | |a [s.l., s.n., s.a.] | ||
| 300 | |a 93 p. ; |c 42 cm | ||
| 590 | |a Al llom del llibre hi consta: Casa de Caridad. | ||
| 590 | |a No es troba l'any en cap pàg. del llibre. No obstant, les dades corresponen, probablement, al cens de l'any 1860. | ||
| 650 | |a Girona (Província) |x Població |9 24100 | ||
| 901 | |a Arxiu | ||
| 942 | |n 1 | ||
| 952 | |0 0 |1 0 |4 0 |6 FOL14 |7 1 |9 42977 |a Arxiu |b Arxiu |d 2016-12-01 |l 0 |o FOL-1-4 |p 9859 |r 2016-12-01 00:00:00 |w 2016-12-01 |y ARXIU | ||
| 999 | |c 45520 |d 45520 | ||